000
00235 a2200097 4500
090
_c
3823
_d
3823
100
_a
Mike Mcgrath
245
_a
CGI & Peal in Easy Steps
260
_a
Dreamtech Press
_b
India
_c
2001
942
_a
NBS
_c
BK
_k
005.13 MCG
999
_c
346287
_d
346287